00299 2200133 4500001002100000005001500021035002000036245002900056100001600085260003100101082000800132084001400140990001100154INLIS00000000000243520250604101540 a0010-06250000211 aSang Guru /cGerson Poyk0 aGerson Poyk aJakarta :bGramedia,c1993 a800 a800 GER s a983620